Fractals in the physical sciences
Αποθηκεύτηκε σε:
| Κύριος συγγραφέας: | |
|---|---|
| Μορφή: | Βιβλίο |
| Γλώσσα: | English |
| Δημοσίευση: |
Manchester : New York : New York, NY :
Manchester University Press, Distributed exclusively in the USA and Canada by St. Martin's Press,
c1990
|
| Σειρά: | Nonlinear science
|
| Θέματα: | |
| Ετικέτες: |
Προσθήκη ετικέτας
Δεν υπάρχουν, Καταχωρήστε ετικέτα πρώτοι!
|
MARC
| LEADER | 00000cam a2200000 i 4500 | ||
|---|---|---|---|
| 001 | 1/42110 | ||
| 008 | 941103s1990 eng d | ||
| 020 | |a 0719024854 | ||
| 035 | |l 10041677 | ||
| 035 | |a 1993 |c ΣΕΙΜΕΝΗΣ | ||
| 040 | |a GR-MY-UA |b gre |e aacr | ||
| 041 | 0 | |a eng | |
| 082 | 0 | |a 501.51 |2 (20) | |
| 100 | 1 | |a Takayasu, H. | |
| 245 | 1 | 0 | |a Fractals in the physical sciences / |c H. Takayasu |
| 260 | |a Manchester : |a New York : |a New York, NY : |b Manchester University Press, |b Distributed exclusively in the USA and Canada by St. Martin's Press, |c c1990 | ||
| 300 | |a x, 170 p.; |b ill.; |c 24 cm | ||
| 490 | 1 | |a Nonlinear science | |
| 504 | |a Includes bibliographical references (p. 163-167) | ||
| 650 | 0 | 0 | |a Science |x Mathematics. |
| 650 | 0 | 0 | |a Fractals. |
| 830 | 0 | |a Nonlinear science | |
| 852 | |a INST |b SAMOS |e 19941103 |h 501.51 TAK |p 005300003808 |q 005300003808 |t BK |y 0 | ||
| 909 | |a Σ |b 025345 | ||